La integración del currículum: el diseño del núcleo de la educación democrática
Gespeichert in:
| 1. Verfasser: | |
|---|---|
| Format: | Buch |
| Sprache: | Spanisch |
| Veröffentlicht: |
Madrid
Morata
2005
|
| Schriftenreihe: | Colección Pedagogía. Educación Infantil y Primaria
|
| Schlagworte: | |
| Tags: |
Tag hinzufügen
Keine Tags, Fügen Sie den ersten Tag hinzu!
|
MARC
| LEADER | 00000nam a2200000 a 4500 | ||
|---|---|---|---|
| 001 | UCI1413 | ||
| 003 | CL-VaPUC | ||
| 008 | 070629e20050000SP |||||||||||||||||spa|d | ||
| 020 | |a 9788471124944 | ||
| 082 | 0 | 4 | |a 375 |b BEA |2 21 |
| 100 | 0 | |a Beane, James A |e author |9 521914 | |
| 245 | 1 | 3 | |a La integración del currículum: el diseño del núcleo de la educación democrática |
| 300 | |a 151 p | ||
| 942 | |c BK | ||
| 945 | |d 20070629 00:00:00 |a jtorresc | ||
| 260 | |a Madrid |b Morata |c 2005 | ||
| 650 | 0 | |a Objetivos educativos |9 306344 | |
| 650 | 0 | |a Planificación del currículo |9 269599 | |
| 650 | 7 | |a SISTEMA EDUCACIONAL |2 CL-VaPUC |9 339433 | |
| 583 | |a last modification |c 20160914 10:11:29 |k Rodrigo Vera | ||
| 490 | 0 | |a Colección Pedagogía. Educación Infantil y Primaria | |
| 999 | |c 326236 |d 326234 | ||
| 952 | |0 0 |1 0 |4 0 |6 375_000000000000000_BEA_2005 |7 0 |8 R |9 408018 |a BIBEDU |b BIBEDU |c MCIRC |d 2019-11-22 |i 4351878 |o 375 BEA 2005 |p 4351878 |r 2023-01-13 |w 2019-11-22 |y BK_R |k EPE | ||
| 952 | |0 0 |1 0 |4 0 |6 375_000000000000000_BEA_2005 |7 0 |8 R |9 408019 |a BIBEDU |b BIBEDU |c MCIRC |d 2019-11-22 |i 4366417 |o 375 BEA 2005 |p 4366417 |r 2023-01-13 |w 2019-11-22 |y BK_R |k EPE | ||
| 952 | |0 0 |1 0 |4 0 |6 375_000000000000000_BEA_2005 |7 0 |8 R |9 408020 |a BIBEDU |b BIBEDU |c MCIRC |d 2019-11-22 |i 4366425 |o 375 BEA 2005 |p 4366425 |r 2023-01-13 |w 2019-11-22 |y BK_R |k EPE | ||